Ciencias sociales 5 bonaerense /
Guardado en:
| Autor Principal: | |
|---|---|
| Otros Autores: | , , , , , |
| Formato: | Libro |
| Publicado: |
Buenos Aires :
Aique,
2009
|
| Series: | Ideas en juego
|
| Materias: | |
| Etiquetas: |
Agregar Etiqueta
Sin Etiquetas, Sea el primero en etiquetar este registro!
|
| LEADER | 01169nam a22003015a 4500 | ||
|---|---|---|---|
| 001 | CEM.cems014972 | ||
| 005 | 20181023163103.0 | ||
| 008 | 130507s2009##################000#0#####d | ||
| 003 | CEMS | ||
| 020 | |a 9789870602002 | ||
| 082 | 0 | 4 | |a SG372.242 |
| 100 | 1 | |a Gurevich, Raquel | |
| 245 | 1 | 0 | |a Ciencias sociales 5 bonaerense / |c Raquel Gurevich ... y Otros |
| 260 | |a Buenos Aires : |b Aique, |c 2009 | ||
| 300 | |a 160 p. | ||
| 490 | 0 | |a Ideas en juego | |
| 500 | |a Manual de Primaria. Biblioteca Sagio | ||
| 505 | 0 | |a El Virreinato del Río de la Plata -- La Revolución de Mayo -- La Guerra de la Independencia -- La organización nacional -- El territorio de la Argentina -- Los ambientes del territorio argentino -- Los espacios rurales -- Las ciudades de la Argentina -- Los derechos del niño | |
| 653 | |a Manual de primaria | ||
| 653 | |a Libro de texto | ||
| 653 | |a Ciencias sociales | ||
| 700 | 1 | |a Blanco, Jose | |
| 700 | 1 | |a Cristófori, Alejnadro | |
| 700 | 1 | |a Fernández Caso, María Victoria | |
| 700 | 1 | |a Schujman, Gustavo | |
| 700 | 1 | |a Calomeni, Soledad | |
| 700 | 1 | |a Troisi, Rosario | |
| 859 | |a CEMS |b BIB. CEMS - 11 de abril |h SG372.242 |i G961 |p 27667.18 |t Ej.1 |v 5 |3 5 | ||
